00629cam a22001813a 450000100060000000300060000600500170001200800410002904000150007004200070008510000300009224501750012226000290029750600300032651600200035683000290037685600420040542391PGUSA20140828083948.0130323s2013||||xxu|||||s|||||000 | eng d aPGUSAbeng adc1 aBoerker, Richard H. Douai10aOur National Forests :bA Short Popular Account of the Work of the United States Forest Service on the National Forestsh[electronic resource] /cRichard H. Douai Boerker bProject Gutenberg,c2013 aPublic domain in the USA. aElectronic text 0aProject Gutenbergv4239140uhttp://www.gutenberg.org/ebooks/42391